000 00531nam a2200217Ia 4500
008 180523s9999 xx 000 0 und d
020 _a978-007-127351-0
050 _aMAIN QH 541
050 _b.M65 2008
100 _aMolles, Manuel C. Jr.
245 0 _aEcology :
245 0 _bconcepts & applications /
245 0 _cManuel C. Molles, Jr.
250 _a4th Edition
260 _bMcGraw-Hill,
260 _c2005
300 _a604 pages :
300 _c26 cm.
500 _aIncludes index.
650 _aEcology.
999 _c357570
_d357570